[Event "Titled Tue 27th May Early"]
[Site "chess.com INT"]
[Date "2025.05.27"]
[Round "1"]
[White "Hasman, Cengiz"]
[Black "Idani, Pouya"]
[Result "0-1"]
[BlackTitle "GM"]
[WhiteElo "2079"]
[BlackElo "2630"]
[WhiteFideId "413364"]
[BlackFideId "12510130"]
[EventDate "2025.05.27"]

1. d4 f5 2. g3 Nf6 3. Bg2 g6 4. Nf3 Bg7 5. O-O O-O 6. b3 d6 7. Bb2 Ne4 8. Nbd2
Nc6 9. e3 Nxd2 10. Qxd2 e5 11. dxe5 dxe5 12. Qxd8 Rxd8 13. Rfd1 Re8 14. a3 e4
15. Nd4 a6 16. c4 Ne5 17. Bc3 c5 18. Ne2 Be6 19. Rd2 b5 20. Nf4 Nf3+ 21. Bxf3
Bxc3 22. Rad1 Bxd2 23. Rxd2 exf3 0-1

[Event "Titled Tue 27th May Early"]
[Site "chess.com INT"]
[Date "2025.05.27"]
[Round "1"]
[White "Sai, Han Thiha"]
[Black "Sadey, Rinoa Mariel"]
[Result "1-0"]
[WhiteTitle "FM"]
[WhiteElo "2121"]
[BlackElo "1760"]
[WhiteFideId "13012290"]
[BlackFideId "5255945"]
[EventDate "2025.05.27"]

1. Nf3 Nf6 2. g3 g6 3. b3 Bg7 4. Bb2 b6 5. Bg2 Bb7 6. O-O O-O 7. c4 c5 8. d4
cxd4 9. Qxd4 Nc6 10. Qd2 Ne4 11. Qc1 e5 12. Rd1 Qe7 13. Nc3 Nxc3 14. Bxc3 Rac8
15. Qb2 d6 16. Rd2 f5 17. Rad1 Rfd8 18. e3 Rd7 19. h4 Rcd8 20. Ng5 h6 21. Bd5+
Kh8 22. Nf7+ Kh7 23. Nxd8 Rxd8 24. Qa3 e4 25. Bxg7 Kxg7 26. Bxc6 Bxc6 27. Rxd6
Rxd6 28. Qxd6 Qb7 29. Qe5+ Kf7 30. Rd6 1-0

[Event "Titled Tue 27th May Early"]
[Site "chess.com INT"]
[Date "2025.05.27"]
[Round "1"]
[White "Rustamov, Rustam"]
[Black "Melikhov, Evgeny V."]
[Result "1-0"]
[WhiteTitle "FM"]
[BlackTitle "FM"]
[WhiteElo "2323"]
[BlackElo "2154"]
[WhiteFideId "13440110"]
[BlackFideId "4122046"]
[EventDate "2025.05.27"]

1. e4 e5 2. Nf3 Nc6 3. Bb5 a6 4. Ba4 Nf6 5. O-O Nxe4 6. Re1 Nc5 7. Bxc6 dxc6 8.
Nxe5 Be7 9. d4 Ne6 10. Be3 O-O 11. c4 f6 12. Nf3 f5 13. Nc3 f4 14. Bd2 Ng5 15.
Nxg5 Bxg5 16. Ne4 Bh6 17. Bb4 Rf7 18. f3 b6 19. Bc3 Qh4 20. d5 Bd7 21. Qd2 c5
22. d6 c6 23. a3 Rf5 24. Qf2 Qxf2+ 25. Kxf2 g5 26. Nf6+ 1-0

[Event "Titled Tue 27th May Early"]
[Site "chess.com INT"]
[Date "2025.05.27"]
[Round "1"]
[White "Khodashenas, Mersad"]
[Black "Nayem, Haque"]
[Result "1-0"]
[WhiteTitle "IM"]
[BlackTitle "FM"]
[WhiteElo "2471"]
[BlackElo "2180"]
[WhiteFideId "12514195"]
[BlackFideId "10217754"]
[EventDate "2025.05.27"]

1. e4 c6 2. Nc3 d5 3. Nf3 Nf6 4. e5 Ne4 5. Ne2 Bg4 6. Nfg1 Bh5 7. d4 e6 8. f3
Qh4+ 9. g3 Nxg3 10. Nxg3 c5 11. c3 Nc6 12. Bb5 Be7 13. Qa4 O-O 14. dxc5 Nxe5 15.
Qxh4 Bxh4 16. Kf2 Bg6 17. Bf4 f6 18. Ne2 Bd3 19. Bxe5 Bxb5 20. Bd6 Rfe8 21. a4
Bd7 22. Nd4 e5 23. Nb5 Bxb5 24. axb5 e4 25. fxe4 dxe4 26. Rhe1 f5 27. Kg2 g6 28.
Ra4 Bg5 29. Rea1 f4 30. Nxe4 1-0

[Event "Titled Tue 27th May Early"]
[Site "chess.com INT"]
[Date "2025.05.27"]
[Round "1"]
[White "Sagalchik, Gennadij"]
[Black "Xue, Haowen"]
[Result "0-1"]
[WhiteTitle "GM"]
[BlackTitle "GM"]
[WhiteElo "2434"]
[BlackElo "2518"]
[WhiteFideId "2007916"]
[BlackFideId "8625492"]
[EventDate "2025.05.27"]

1. d4 Nf6 2. Nc3 d5 3. Bg5 c5 4. Bxf6 gxf6 5. e4 dxe4 6. d5 f5 7. Qh5 Bg7 8.
Nge2 Qb6 9. O-O-O Qh6+ 10. Qxh6 Bxh6+ 11. Kb1 Nd7 12. h3 Nf6 13. Ng3 Bf4 14. Bc4
Rg8 15. Nge2 Be5 16. g3 a6 17. a4 Bd7 18. Rhe1 Rb8 19. a5 Bc7 20. Nf4 Bxa5 21.
d6 e6 22. f3 b5 23. Ba2 exf3 24. Bd5 f2 25. Re2 Bxc3 26. bxc3 Rxg3 27. Bh1 Rg1 0-1

[Event "Titled Tue 27th May Early"]
[Site "chess.com INT"]
[Date "2025.05.27"]
[Round "1"]
[White "Marchesich, Giovanni"]
[Black "Avramidou, Anastasia"]
[Result "0-1"]
[WhiteTitle "CM"]
[BlackTitle "FM"]
[WhiteElo "2219"]
[BlackElo "2294"]
[WhiteFideId "2824790"]
[BlackFideId "4239873"]
[EventDate "2025.05.27"]

1. Nf3 Nf6 2. g3 g6 3. Bg2 d5 4. O-O Bg7 5. d4 O-O 6. a4 Nc6 7. c3 Ne4 8. Nfd2
Nxd2 9. Nxd2 e5 10. dxe5 Nxe5 11. Nf3 c6 12. Bf4 Nxf3+ 13. Bxf3 Bh3 14. Bg2 Bxg2
15. Kxg2 Re8 16. Qd2 a5 17. Rfe1 Re4 18. Qc2 Qb6 19. Be3 Qa6 20. Rad1 Rae8 21.
Rd2 Qc4 22. Ra1 h5 23. Rd3 h4 24. b3 Qa6 25. Re1 b5 26. axb5 Qxb5 27. Bd4 Rb8
28. c4 Qb4 29. Bxg7 Qxe1 0-1

[Event "Titled Tue 27th May Early"]
[Site "chess.com INT"]
[Date "2025.05.27"]
[Round "1"]
[White "Szpar, Milosz"]
[Black "Goldin, Roman"]
[Result "1-0"]
[WhiteTitle "IM"]
[BlackTitle "FM"]
[WhiteElo "2475"]
[BlackElo "2296"]
[WhiteFideId "1184989"]
[BlackFideId "2803860"]
[EventDate "2025.05.27"]

1. e4 Nc6 2. Nf3 e5 3. Bb5 a6 4. Ba4 Nf6 5. O-O Be7 6. Re1 d6 7. Bxc6+ bxc6 8.
d4 exd4 9. Nxd4 Bd7 10. Qf3 O-O 11. Nc3 Ng4 12. Bf4 Ne5 13. Bxe5 dxe5 14. Nf5 g6
15. Qg3 Bf6 16. Rad1 Kh8 17. Ne3 Qe7 18. Qf3 Be6 19. Rd3 a5 20. b3 Bg7 21. Red1
f5 22. exf5 gxf5 23. Qxc6 Rae8 24. Ned5 Qf7 25. Nxc7 Bc8 26. Nxe8 Bb7 27. Qd7 1-0

[Event "Titled Tue 27th May Early"]
[Site "chess.com INT"]
[Date "2025.05.27"]
[Round "1"]
[White "Vigoa Apecheche, Yanira"]
[Black "Toncheva, Nadya"]
[Result "1-0"]
[WhiteTitle "WGM"]
[BlackTitle "FM"]
[WhiteElo "2232"]
[BlackElo "2332"]
[WhiteFideId "3507041"]
[BlackFideId "2924056"]
[EventDate "2025.05.27"]

1. d4 Nf6 2. Bg5 d5 3. Nd2 e6 4. e3 h6 5. Bh4 Be7 6. Ngf3 O-O 7. Bd3 c5 8. c3
Nc6 9. O-O b6 10. Qe2 Bb7 11. Rfd1 cxd4 12. exd4 Ne8 13. Bg3 Bd6 14. Ne5 Rc8 15.
Re1 Nxe5 16. dxe5 Be7 17. Nb3 Bc5 18. Nd4 Nc7 19. Bf4 a6 20. Qg4 Kh8 21. Qh5 f5
22. exf6 Qxf6 23. Bxc7 Rxc7 24. Rxe6 Qxf2+ 25. Kh1 Qxb2 26. Rae1 Qxc3 27. Qg6
Qxe1+ 28. Rxe1 Bxd4 29. Qh7# 1-0

[Event "Titled Tue 27th May Early"]
[Site "chess.com INT"]
[Date "2025.05.27"]
[Round "1"]
[White "Gubajdullin, Alexei"]
[Black "Coe, William"]
[Result "1-0"]
[WhiteTitle "FM"]
[WhiteElo "2227"]
[BlackElo "2078"]
[WhiteFideId "4141202"]
[BlackFideId "30913624"]
[EventDate "2025.05.27"]

1. Nf3 Nf6 2. g3 g6 3. Bg2 Bg7 4. O-O O-O 5. d3 d5 6. Nbd2 c6 7. e4 dxe4 8. dxe4
Re8 9. e5 Nd5 10. Re1 e6 11. Ne4 b6 12. Nd6 Rf8 13. c4 Ne7 14. Bg5 Qc7 15. Qd2
Nf5 16. Nxf5 exf5 17. Bf6 Be6 18. Qf4 Nd7 19. Bxg7 Kxg7 20. Rad1 Rfe8 21. h4 h5
22. Rd6 Rad8 23. Red1 Nc5 24. Ng5 Rxd6 25. exd6 Qd7 26. b4 Nb7 27. c5 bxc5 28.
bxc5 Nxc5 29. Qd4+ f6 30. Qxc5 fxg5 31. Bxc6 Qd8 32. Qe5+ Kh7 33. Bxe8 Qxe8 34.
Re1 1-0

[Event "Titled Tue 27th May Early"]
[Site "chess.com INT"]
[Date "2025.05.27"]
[Round "1"]
[White "Tifferet, Shakked"]
[Black "Montano Vicente, Guadalupe"]
[Result "1-0"]
[WhiteTitle "FM"]
[WhiteElo "2332"]
[BlackElo "1940"]
[WhiteFideId "2811529"]
[BlackFideId "5181399"]
[EventDate "2025.05.27"]

1. c4 e5 2. a3 Nf6 3. e3 d5 4. cxd5 Nxd5 5. Ne2 Nc6 6. Nbc3 Be6 7. b4 a6 8. Bb2
Be7 9. Rc1 O-O 10. Ne4 Nf6 11. Nc5 Bxc5 12. Rxc5 e4 13. Ng3 Nd7 14. Nxe4 Nxc5
15. Nxc5 Qd5 16. Qc2 Bf5 17. Qc3 Qe5 18. Qxe5 Nxe5 19. Bxe5 b6 20. Nb3 c6 21.
Bd4 Be6 22. Nc1 a5 23. Bd3 axb4 24. axb4 Ra1 25. Bxa1 1-0

[Event "Titled Tue 27th May Early"]
[Site "chess.com INT"]
[Date "2025.05.27"]
[Round "1"]
[White "Sydoryka, Vladyslav"]
[Black "Lyutsinger, Iren"]
[Result "0-1"]
[WhiteTitle "FM"]
[BlackTitle "FM"]
[WhiteElo "2224"]
[BlackElo "2266"]
[WhiteFideId "14145928"]
[BlackFideId "34425969"]
[EventDate "2025.05.27"]

1. d4 Nf6 2. c4 e6 3. Nf3 d5 4. g3 dxc4 5. Qa4+ Nc6 6. Bg2 Bd7 7. Qxc4 Bd6 8.
O-O O-O 9. Nc3 a6 10. e4 b5 11. Qd3 e5 12. dxe5 Nxe5 13. Nxe5 Bxe5 14. h3 Be6
15. Qc2 c5 16. Be3 Rc8 17. Rad1 Qa5 18. a3 Bc4 19. Rfe1 b4 20. Nd5 Bxd5 21. exd5
Bd6 22. Qc4 Nd7 23. Bf4 Nb6 24. Qc1 Bxf4 0-1

[Event "Titled Tue 27th May Early"]
[Site "chess.com INT"]
[Date "2025.05.27"]
[Round "1"]
[White "Frempong-Smart Daniel"]
[Black "Ser, Daniel"]
[Result "0-1"]
[WhiteTitle "CM"]
[BlackTitle "CM"]
[WhiteElo "1841"]
[BlackElo "2005"]
[WhiteFideId "12601659"]
[BlackFideId "12829404"]
[EventDate "2025.05.27"]

1. d4 Nf6 2. Nf3 g6 3. c4 Bg7 4. Nc3 O-O 5. e4 d6 6. Be2 e5 7. d5 Na6 8. Bg5 h6
9. Bh4 c6 10. Nd2 Qc7 11. Rc1 Bd7 12. O-O Rac8 13. Bxf6 Bxf6 14. Bg4 Bg7 15.
Bxd7 Qxd7 16. Qf3 f5 17. Qh3 Qe7 18. f3 Nc5 19. b4 Nd3 20. Rb1 Qg5 21. Rfd1 Qe3+ 0-1

[Event "Titled Tue 27th May Early"]
[Site "chess.com INT"]
[Date "2025.05.27"]
[Round "1"]
[White "Karpenko, Anton"]
[Black "Bortnyk, Olexandr"]
[Result "0-1"]
[WhiteTitle "CM"]
[BlackTitle "GM"]
[WhiteElo "2218"]
[BlackElo "2601"]
[WhiteFideId "34374353"]
[BlackFideId "14120828"]
[EventDate "2025.05.27"]

1. e4 Nf6 2. e5 Nd5 3. c4 Nb6 4. d4 d6 5. f4 dxe5 6. fxe5 Bf5 7. Nf3 e6 8. Nc3
Bb4 9. Be2 c5 10. a3 Bxc3+ 11. bxc3 Nc6 12. Be3 O-O 13. O-O Na5 14. dxc5 Qxd1
15. Rfxd1 Nbxc4 16. Bd4 Rac8 17. Bxc4 Nxc4 18. Nd2 Nb2 19. Rf1 Na4 20. Nc4 Bd3
21. Nd6 Bxf1 22. Kxf1 Rc6 23. Nxb7 Rb8 24. Rb1 Nxc5 25. Rb5 Rxb7 26. Rxc5 Rxc5
27. Bxc5 f5 28. exf6 gxf6 29. Bd6 Kf7 30. c4 e5 31. c5 Ke6 32. c6 Rb1+ 0-1

[Event "Titled Tue 27th May Early"]
[Site "chess.com INT"]
[Date "2025.05.27"]
[Round "1"]
[White "Barseghyan, Armen Ar."]
[Black "Andrade, Ivan"]
[Result "1-0"]
[WhiteTitle "IM"]
[BlackTitle "FM"]
[WhiteElo "2348"]
[BlackElo "2161"]
[WhiteFideId "13306707"]
[BlackFideId "14800039"]
[EventDate "2025.05.27"]

1. d4 Nf6 2. Nf3 e6 3. g3 b5 4. Bg2 Bb7 5. O-O Be7 6. a4 a6 7. axb5 axb5 8. Rxa8
Bxa8 9. b3 O-O 10. Bb2 d6 11. c4 b4 12. Nbd2 c5 13. Qc2 Nc6 14. e3 Qc7 15. Ra1
Bb7 16. d5 exd5 17. Ng5 g6 18. cxd5 Na5 19. e4 Nd7 20. Ngf3 f5 21. exf5 Rxf5 22.
Qe4 Nf8 23. Rxa5 Bxd5 24. Qe3 Qxa5 25. Qxe7 Qa2 26. Qg7# 1-0

[Event "Titled Tue 27th May Early"]
[Site "chess.com INT"]
[Date "2025.05.27"]
[Round "1"]
[White "Puzyrevsky, Semyon"]
[Black "Aranda, Juan Manuel"]
[Result "1-0"]
[WhiteTitle "FM"]
[BlackTitle "CM"]
[WhiteElo "2253"]
[BlackElo "2134"]
[WhiteFideId "24240931"]
[BlackFideId "160458"]
[EventDate "2025.05.27"]

1. e4 d6 2. d4 Nf6 3. Nc3 g6 4. Be3 c6 5. Qd2 Qa5 6. f3 b5 7. Bd3 Nbd7 8. Nh3
Nb6 9. Nf2 Nc4 10. Bxc4 bxc4 11. O-O Rb8 12. Rab1 h5 13. Qe2 Bg7 14. Qxc4 Ba6
15. Qxc6+ Kd8 16. Rfc1 Rc8 17. Qa4 Qxa4 18. Nxa4 Kd7 19. b3 Bb5 20. Nb2 a5 21.
c4 Ba6 22. Na4 Rb8 23. Bd2 Ne8 24. d5 Bd4 25. Bxa5 Nf6 26. Bc3 Ba7 27. Kf1 Rhc8
28. Nd3 Ke8 29. Ke2 Nd7 30. Nb4 Bb7 31. Bd2 Nc5 32. Nxc5 Bxc5 33. Nd3 Bd4 34.
Be3 Bf6 35. b4 Ra8 36. Rc2 Ra3 37. Rb3 Raa8 38. c5 Ba6 39. b5 Bb7 40. c6 1-0

[Event "Titled Tue 27th May Early"]
[Site "chess.com INT"]
[Date "2025.05.27"]
[Round "1"]
[White "Teterev, Vitaly"]
[Black "Olcayoz, Gizem"]
[Result "1-0"]
[WhiteTitle "GM"]
[BlackTitle "WCM"]
[WhiteElo "2258"]
[BlackElo "1827"]
[WhiteFideId "13501429"]
[BlackFideId "6301444"]
[EventDate "2025.05.27"]

1. e4 e6 2. d4 d5 3. Nd2 h6 4. Ngf3 Nf6 5. e5 Nfd7 6. Bd3 c5 7. c3 Nc6 8. O-O g5
9. c4 cxd4 10. cxd5 Ncxe5 11. dxe6 Nxd3 12. exd7+ Bxd7 13. Qe2+ Be6 14. Qxd3 Bg7
15. Ne4 O-O 16. Bd2 Re8 17. Nc5 Bd5 18. Rfe1 Qb6 19. Nb3 Bxb3 20. Qxb3 Qxb3 21.
axb3 a6 22. Rxe8+ Rxe8 23. Kf1 Rc8 24. Rc1 Rd8 25. Rc7 Rb8 26. Ke2 Kf8 27. Kd3
Ke8 28. Bb4 g4 29. Nh4 1-0

[Event "Titled Tue 27th May Early"]
[Site "chess.com INT"]
[Date "2025.05.27"]
[Round "1"]
[White "Kikuchi Cadilhac, Mariana Sawae"]
[Black "Arencibia Monduy, Antonio"]
[Result "0-1"]
[WhiteTitle "WFM"]
[BlackTitle "CM"]
[WhiteElo "1849"]
[BlackElo "2115"]
[WhiteFideId "2144433"]
[BlackFideId "3507939"]
[EventDate "2025.05.27"]

1. d4 Nf6 2. c4 e6 3. Nc3 d5 4. Nf3 Be7 5. e3 O-O 6. Bd3 dxc4 7. Bxc4 c5 8. O-O
Nc6 9. dxc5 Bxc5 10. b3 Qe7 11. Bb2 Rd8 12. Qe2 a6 13. a4 e5 14. Rfd1 Bg4 15. h3
Bh5 16. g4 Bg6 17. Rxd8+ Rxd8 18. Rd1 e4 19. Ne1 h5 20. Ng2 hxg4 21. hxg4 Ne5
22. Nd5 Nxd5 23. Rxd5 Nf3+ 24. Kf1 Rxd5 25. Bxd5 Qd6 26. Nf4 Kh7 27. Nxg6 Qxg6
28. Qc4 Nd2+ 29. Ke2 Nxc4 30. Bxc4 Qxg4+ 31. Kd2 Bb4+ 32. Kc2 Qf3 33. Kb1 Qxf2
34. Bd5 Qxe3 35. Bxb7 a5 36. Bd5 f5 0-1

[Event "Titled Tue 27th May Early"]
[Site "chess.com INT"]
[Date "2025.05.27"]
[Round "1"]
[White "Lewicki, Miroslaw"]
[Black "Alvarez Leon, Luis"]
[Result "1-0"]
[WhiteTitle "IM"]
[BlackTitle "FM"]
[WhiteElo "2317"]
[BlackElo "2178"]
[WhiteFideId "1113380"]
[BlackFideId "3600351"]
[EventDate "2025.05.27"]

1. e4 c5 2. Nf3 Nc6 3. Bb5 e6 4. O-O Nge7 5. Re1 a6 6. Bf1 d6 7. c3 Ng6 8. d4 e5
9. Be3 Be7 10. Nbd2 O-O 11. a4 b6 12. Nc4 Bb7 13. d5 Nb8 14. a5 Nd7 15. axb6
Nxb6 16. Na5 Bc8 17. b4 Nd7 18. Nc6 Qe8 19. b5 f5 20. exf5 Rxf5 21. bxa6 Rf8 22.
Qb3 Kh8 23. Ng5 Bxg5 24. Bxg5 Qf7 25. Be3 Nh4 26. a7 Nf6 27. c4 Ng4 28. Ra2 Qg6
29. Kh1 Qh5 30. h3 Nf5 31. Be2 Nfxe3 32. Qxe3 Nxe3 33. Bxh5 Nxc4 34. Rb1 Bf5 35.
Rb8 Kg8 36. Ne7+ Kh8 37. Rxf8+ Rxf8 38. a8=Q 1-0

[Event "Titled Tue 27th May Early"]
[Site "chess.com INT"]
[Date "2025.05.27"]
[Round "1"]
[White "Lodici, Lorenzo"]
[Black "Andriienko, Artom"]
[Result "0-1"]
[WhiteTitle "GM"]
[WhiteElo "2557"]
[BlackElo "2153"]
[WhiteFideId "884189"]
[BlackFideId "34129510"]
[EventDate "2025.05.27"]

1. c4 Nf6 2. Nc3 e5 3. Nf3 Nc6 4. e3 Bb4 5. Qc2 O-O 6. Nd5 Re8 7. Qf5 Be7 8.
Nxe5 d6 9. Nxc6 bxc6 10. Nxe7+ Qxe7 11. Qc2 c5 12. b3 Bb7 13. Bb2 a5 14. a4 h6
15. f3 Nd7 16. O-O-O f6 17. f4 Rab8 18. Rg1 Be4 19. d3 Bc6 20. e4 Rb7 21. Kb1
Reb8 22. Ka2 Bxa4 23. bxa4 Rxb2+ 24. Qxb2 Rxb2+ 25. Kxb2 Nb6 26. Be2 g5 27. g3
Nxa4+ 28. Kc2 Nb6 29. Bg4 Qe8 30. Ra1 a4 31. Bf5 Qa8 32. h4 a3 33. Rgb1 Qa4+ 34.
Rb3 Nxc4 35. dxc4 Qxc4+ 36. Rc3 Qe2+ 37. Kb3 Qb2+ 38. Kc4 Qxa1 0-1

[Event "Titled Tue 27th May Early"]
[Site "chess.com INT"]
[Date "2025.05.27"]
[Round "1"]
[White "Karvatskyi, Oleksii"]
[Black "Schracke, Guido"]
[Result "0-1"]
[WhiteTitle "CM"]
[BlackTitle "CM"]
[WhiteElo "2248"]
[BlackElo "2138"]
[WhiteFideId "14191059"]
[BlackFideId "4637054"]
[EventDate "2025.05.27"]

1. Nc3 d5 2. e4 d4 3. Nce2 c5 4. c3 Nc6 5. Nf3 e5 6. Ng3 a6 7. Bc4 b5 8. Bd5 Bb7
9. Nxe5 Nxe5 10. Bxb7 Nd3+ 11. Kf1 Ra7 12. Bc6+ Ke7 13. Nf5+ Kf6 14. Qf3 Ne5 15.
Qf4 g5 16. Qg3 Nxc6 17. d3 h6 18. h4 Kg6 19. hxg5 h5 20. Nh4+ Kg7 21. g6 Nge7
22. Bg5 f6 23. Bf4 Qd7 24. Re1 Qg4 25. Qh2 Nxg6 26. Nf5+ Kf7 27. Bd2 Nce5 28.
cxd4 cxd4 29. Nxd4 h4 30. f3 Qh5 31. Nf5 h3 32. Kf2 Nxd3+ 33. Ke3 Nxe1 34. Rxe1
hxg2 35. Qb8 Bc5+ 0-1

[Event "Titled Tue 27th May Early"]
[Site "chess.com INT"]
[Date "2025.05.27"]
[Round "1"]
[White "Berikkyzy Alanna"]
[Black "Akkara, Omer"]
[Result "0-1"]
[WhiteTitle "WFM"]
[BlackTitle "CM"]
[WhiteElo "2104"]
[BlackElo "2036"]
[WhiteFideId "13780719"]
[BlackFideId "26319802"]
[EventDate "2025.05.27"]

1. e4 d5 2. exd5 Nf6 3. d4 Nxd5 4. c3 e6 5. Bd3 Be7 6. Ne2 O-O 7. O-O b6 8. Nd2
Bb7 9. Nf3 Nd7 10. a3 h6 11. c4 N5f6 12. Nf4 c5 13. Be3 cxd4 14. Bd2 e5 15. Nd5
e4 16. Nxd4 Bxd5 17. cxd5 exd3 18. Nc6 Qe8 19. Re1 Nxd5 20. Qb3 N7f6 21. Nxe7+
Nxe7 22. Bb4 Qb5 23. a4 Qd5 24. Qxd5 Nexd5 25. Bxf8 Rxf8 26. Rad1 Nb4 27. Re7 a5
28. Rb7 Nfd5 29. Kf1 Re8 30. g3 Re6 31. Rd7 Nf6 32. Rd8+ Kh7 33. Rd4 Ne4 34. f3
Nc5 35. Kf2 Re2+ 36. Kf1 Rxh2 0-1

[Event "Titled Tue 27th May Early"]
[Site "chess.com INT"]
[Date "2025.05.27"]
[Round "1"]
[White "Brown, Akeem"]
[Black "Chekletsov, Ilya"]
[Result "0-1"]
[WhiteTitle "CM"]
[BlackTitle "IM"]
[WhiteElo "2055"]
[BlackElo "2338"]
[WhiteFideId "7402023"]
[BlackFideId "24177156"]
[EventDate "2025.05.27"]

1. e4 c5 2. Nf3 e6 3. d4 cxd4 4. Nxd4 Nf6 5. Bd3 Nc6 6. Nxc6 bxc6 7. O-O d5 8.
e5 Nd7 9. Re1 Nc5 10. Bf1 Be7 11. Qg4 g6 12. c4 h5 13. Qf3 Bb7 14. Nc3 Nd7 15.
Be3 Nb6 16. Rad1 Qc8 17. c5 Nd7 18. b4 a6 19. Bd4 a5 20. a3 axb4 21. axb4 Ba6
22. Ra1 Bxf1 23. Rxf1 O-O 24. Qe2 Qb7 25. Rxa8 Rxa8 26. Rb1 Ra3 27. Qb2 Ra8 28.
Qd2 Qa6 29. b5 cxb5 30. Rxb5 Bxc5 31. Bxc5 Nxc5 32. Rxc5 Qb6 33. Rb5 Qxb5 0-1

[Event "Titled Tue 27th May Early"]
[Site "chess.com INT"]
[Date "2025.05.27"]
[Round "1"]
[White "Brozyna, Mateusz"]
[Black "Barria Zuniga, Daniel"]
[Result "1-0"]
[WhiteTitle "FM"]
[BlackTitle "IM"]
[WhiteElo "2224"]
[BlackElo "2341"]
[WhiteFideId "21816140"]
[BlackFideId "3400816"]
[EventDate "2025.05.27"]

1. d4 Nf6 2. Bg5 e6 3. e4 h6 4. Bxf6 Qxf6 5. c3 Nc6 6. Nd2 d6 7. Bd3 Bd7 8. Ne2
e5 9. d5 Ne7 10. f4 exf4 11. O-O g5 12. g3 Ng6 13. Nc4 f3 14. Nd4 g4 15. Na5 b6
16. Nac6 Ne5 17. Bb5 a6 18. Nxe5 axb5 19. Nxd7 Kxd7 20. Qd3 h5 21. Qxb5+ Kc8 22.
Qc6 Rb8 23. Nb5 Qe7 24. e5 dxe5 25. d6 Qd7 26. Na7+ Kd8 27. dxc7+ Qxc7 28. Rad1+ 1-0

[Event "Titled Tue 27th May Early"]
[Site "chess.com INT"]
[Date "2025.05.27"]
[Round "1"]
[White "Nguyen Quang Anh"]
[Black "Ramsdal, Jens Albert"]
[Result "1-0"]
[WhiteTitle "CM"]
[BlackTitle "FM"]
[WhiteElo "2052"]
[BlackElo "2351"]
[WhiteFideId "12432377"]
[BlackFideId "1429221"]
[EventDate "2025.05.27"]

1. d4 Nf6 2. c4 c5 3. d5 b5 4. cxb5 a6 5. bxa6 g6 6. Nc3 Bg7 7. e4 d6 8. Nf3 O-O
9. Be2 Qa5 10. a7 Qxa7 11. O-O Ba6 12. Bxa6 Nxa6 13. a4 Rfb8 14. Ra3 Rb4 15. Qe2
Nd7 16. Nb5 Qb6 17. b3 Nab8 18. Nd2 Ne5 19. f4 c4+ 20. Kh1 Nd3 21. Nxc4 Nxc1 22.
Nxb6 Nxe2 23. Nxa8 Rxe4 24. g3 Na6 25. Nac7 Nb4 26. a5 Bb2 27. a6 Nxa6 28. Rxa6
Rb4 29. Rf2 1-0

[Event "Titled Tue 27th May Early"]
[Site "chess.com INT"]
[Date "2025.05.27"]
[Round "1"]
[White "Tsydypov, Zhamsaran"]
[Black "Maslovskiy, Vladimir"]
[Result "1-0"]
[WhiteTitle "GM"]
[BlackTitle "FM"]
[WhiteElo "2514"]
[BlackElo "2370"]
[WhiteFideId "4108566"]
[BlackFideId "24273546"]
[EventDate "2025.05.27"]

1. e4 e5 2. Nf3 Nf6 3. Nxe5 d6 4. Nc4 Nxe4 5. Nc3 Nf6 6. d4 Be7 7. Bd3 O-O 8.
Ne3 c5 9. dxc5 dxc5 10. O-O Nc6 11. Ncd5 Be6 12. Nf4 Ne5 13. Nxe6 fxe6 14. Be2
Qc7 15. c3 Rad8 16. Qb3 Qb6 17. Nc4 Nxc4 18. Bxc4 Nd5 19. Qc2 Qc6 20. a4 Nb6 21.
Bb5 Qd6 22. a5 Nd5 23. Bc4 Qe5 24. Bd2 Qf5 25. Qxf5 Rxf5 26. Rfe1 Kf7 27. Re2
Bg5 28. g4 Nf4 29. Bxf4 Rxf4 30. Bxe6+ Kf8 31. Rae1 g6 32. h3 Bh4 33. Kg2 Kg7
34. Rc2 Rdf8 35. Ree2 R8f6 36. Bd5 b6 37. a6 b5 38. Re7+ Kh6 39. Rxa7 Rxf2+ 40.
Rxf2 Rxf2+ 41. Kg1 Rxb2 42. Rf7 Ra2 43. Bxa2 1-0

[Event "Titled Tue 27th May Early"]
[Site "chess.com INT"]
[Date "2025.05.27"]
[Round "1"]
[White "Bold, Andre"]
[Black "Dyachuk, Artem"]
[Result "0-1"]
[WhiteTitle "CM"]
[BlackTitle "FM"]
[WhiteElo "2235"]
[BlackElo "2356"]
[WhiteFideId "16208471"]
[BlackFideId "34107924"]
[EventDate "2025.05.27"]

1. d4 Nf6 2. Nc3 d5 3. Bf4 a6 4. e3 e6 5. Nf3 c5 6. Be2 Nc6 7. O-O b5 8. a3 Bb7
9. Ne5 Qb6 10. h3 cxd4 11. exd4 Nxd4 12. Re1 Nxe2+ 13. Qxe2 Bc5 14. a4 d4 15. a5
Qd8 16. Nxb5 O-O 17. Nd3 Qd5 18. f3 axb5 19. Be5 Nd7 20. Nxc5 Nxc5 21. Rad1 Na4
22. Rxd4 Qc5 23. Kh1 f6 24. b4 Qxe5 25. Qxe5 fxe5 26. Rd7 Bd5 27. Rxe5 Rf7 28.
Rd6 Rc7 29. f4 0-1

[Event "Titled Tue 27th May Early"]
[Site "chess.com INT"]
[Date "2025.05.27"]
[Round "1"]
[White "Patel, Riddhi R"]
[Black "Slovineanu, Viacheslav"]
[Result "0-1"]
[WhiteTitle "WCM"]
[BlackTitle "IM"]
[WhiteElo "1767"]
[BlackElo "2412"]
[WhiteFideId "46699074"]
[BlackFideId "13900510"]
[EventDate "2025.05.27"]

1. e4 c6 2. d4 d5 3. Nc3 dxe4 4. Nxe4 Nf6 5. Ng3 e6 6. Nf3 Be7 7. c4 O-O 8. Be3
Nbd7 9. h3 b6 10. Bd3 Bb7 11. Ne4 c5 12. Qc2 Qc7 13. O-O Rfd8 14. Nxf6+ Nxf6 15.
Nh2 cxd4 16. Bg5 h6 17. Bxf6 Bxf6 18. Ng4 Be7 19. Qd2 f5 20. Nh2 Rf8 21. Rfe1 e5
22. Bc2 Rad8 23. f3 d3 24. Bb3 Bc5+ 25. Kh1 e4 26. fxe4 fxe4 27. Ng4 Qg3 28.
Rad1 e3 29. Nxe3 Rf2 30. Qc3 Qxh3+ 31. Kg1 Rxg2+ 32. Kf1 Qf3# 0-1